[Event "279th YMCA Autumn B"]
[Site "Warsaw"]
[Date "2023.09.21"]
[Round "1"]
[White "Kasperski, Marcin"]
[Black "Kuc , Mariusz"]
[Result "1-0"]
[WhiteElo "1655"]
[BlackElo "1630"]
[PlyCount "103"]
[EventDate "2023.09.21"]
[EventType "tourn"]
[EventRounds "1"]
[EventCountry "POL"]
[SourceDate "2023.09.21"]

1. c4 f5 2. g3 Nf6 3. Bg2 g6 4. d3 Bg7 5. Nf3 O-O 6. O-O d6 7. Nc3 e5 8. Bg5 h6
9. Bd2 c6 10. Qc2 Be6 11. c5 Na6 12. cxd6 Qxd6 13. Rac1 g5 14. Rfd1 Nh5 15. a3
Rac8 16. b4 Nc7 17. Qa4 a6 18. Be3 Qd7 19. Bc5 Rfe8 20. d4 Qf7 21. Rb1 Nd5 22.
Nxd5 Bxd5 23. Nxe5 Bxe5 24. Bxd5 cxd5 25. dxe5 Rxe5 26. Rb2 f4 27. g4 Nf6 28.
Bd4 Re6 29. Bxf6 Rxf6 $11 30. Rbd2 Rd8 31. Qb3 Rfd6 32. Kg2 Qe6 33. h3 Kg7 34.
Qc3+ Qf6 35. Qxf6+ Kxf6 36. Rc1 Ke5 37. Kf3 Rc6 38. Rxc6 bxc6 39. Rc2 Rd6 40.
Rc5 Kd4 41. Ra5 Kc4 42. Rxa6 Re6 43. Rb6 d4 44. a4 Kd5 45. a5 Re8 46. Rb7 Rc8
47. a6 Ra8 48. a7 c5 49. b5 c4 50. b6 Kc6 51. Rb8 c3 52. Rxa8 1-0

[Event "279th YMCA Autumn B"]
[Site "Warsaw"]
[Date "2023.09.21"]
[Round "1"]
[White "Pichurko, Jakub"]
[Black "Emmel, Bartosz"]
[Result "1-0"]
[WhiteElo "1619"]
[BlackElo "1552"]
[PlyCount "57"]
[EventDate "2023.09.21"]
[EventType "tourn"]
[EventRounds "1"]
[EventCountry "POL"]
[SourceDate "2023.09.21"]

1. d4 Nf6 2. Nf3 g6 3. c4 c5 4. g3 Bg7 5. Nc3 cxd4 6. Nxd4 Nc6 7. Bg2 O-O 8.
O-O Qb6 9. Nc2 d6 10. b3 Bf5 11. Bb2 Rfd8 12. Ne3 Qa5 13. Nxf5 Qxf5 14. e4 Qa5
15. h3 Nxe4 16. Bxe4 Bxc3 17. Bxc3 Qxc3 18. h4 Rac8 19. h5 b6 20. hxg6 hxg6 21.
Re1 Qf6 22. Kg2 Kg7 23. Rh1 d5 24. cxd5 Nb4 25. Qd2 Na6 26. Qh6+ Kg8 27. d6
exd6 28. Bb7 Rc2 29. Qh7+ 1-0

[Event "279th YMCA Autumn B"]
[Site "Warsaw"]
[Date "2023.09.21"]
[Round "1"]
[White "Gozdzikowski, Franciszek"]
[Black "Jaroszuk, Marcin"]
[Result "0-1"]
[WhiteElo "1516"]
[BlackElo "1452"]
[PlyCount "104"]
[EventDate "2023.09.21"]
[EventType "tourn"]
[EventRounds "1"]
[EventCountry "POL"]
[SourceDate "2023.09.21"]

1. e4 e5 2. Nf3 Nc6 3. d4 exd4 4. Nxd4 Nf6 5. Nxc6 bxc6 6. e5 Qe7 7. Qe2 Nd5 8.
h4 f6 9. c4 Ba6 10. exf6 Nxf6 11. Bg5 Qxe2+ 12. Bxe2 Bb4+ 13. Nd2 O-O 14. O-O-O
d5 15. a3 Bxd2+ 16. Bxd2 Ne4 17. f3 Nf2 18. Be3 Nxh1 19. Rxh1 Rfe8 20. Kd2 Rad8
21. Bg5 Rd7 22. Re1 h6 23. Bf4 dxc4+ 24. Kc3 Rde7 25. Bxc4+ Bxc4 26. Rxe7 Rxe7
27. Kxc4 Re2 28. b4 Rxg2 29. Bxc7 Rf2 30. f4 Rc2+ 31. Kd4 Ra2 32. Kc5 Rxa3 33.
Kxc6 Re3 34. Be5 Kf7 35. b5 g6 36. Bd4 Ra3 37. Kb7 Ra5 38. Kc6 Ke6 39. Bg7 h5
40. Bd4 Kf5 41. Bc3 Ra4 42. Be5 Kg4 43. Bf6 Kxf4 44. Bg5+ Ke5 45. Bd8 Ke6 46.
Bg5 Ra2 47. Bd8 Rc2+ 48. Kb7 Rc5 49. Ka6 Kd5 50. Be7 Rc7 51. Bg5 Kc4 52. Be3
Re7 0-1

[Event "279th YMCA Autumn B"]
[Site "Warsaw"]
[Date "2023.09.21"]
[Round "1"]
[White "Szukalski, Antoni"]
[Black "Mazurek, Filip"]
[Result "1-0"]
[WhiteElo "1664"]
[BlackElo "1524"]
[PlyCount "97"]
[EventDate "2023.09.21"]
[EventType "tourn"]
[EventRounds "1"]
[EventCountry "POL"]
[SourceDate "2023.09.21"]

1. e4 c5 2. Nf3 e6 3. d4 cxd4 4. Nxd4 Nc6 5. Be2 Nf6 6. Nxc6 bxc6 7. Nc3 d5 8.
exd5 cxd5 9. O-O Bd6 10. Nb5 Bb8 11. c4 a6 12. Nd4 Qc7 13. g3 dxc4 14. Qa4+ Bd7
15. Qxc4 Qxc4 16. Bxc4 O-O 17. Rd1 e5 18. Nb3 Bg4 19. Re1 Rc8 20. Bf1 Bf3 21.
Be3 Ng4 22. Rac1 Bd6 23. Rxc8+ Rxc8 24. Rc1 Rxc1 25. Bxc1 a5 26. h3 Nf6 27.
Nxa5 Ne4 28. Nc4 Bc5 29. Be3 Bd4 30. Bg2 Be2 31. Bxe4 Bxc4 32. b3 Be2 33. Bxd4
exd4 34. f4 Kf8 35. Kf2 Ba6 36. Ke1 g6 37. Kd2 Ke7 38. Bd5 Bc8 39. g4 Kd6 40.
Bc4 f6 41. Kd3 h5 42. gxh5 gxh5 43. h4 Kc5 44. a3 Bf5+ 45. Kd2 Bg4 46. Bf7 Kd6
47. Kd3 Kc5 48. b4+ Kb5 49. Bb3 1-0

[Event "279th YMCA Autumn B"]
[Site "Warsaw"]
[Date "2023.10.03"]
[Round "1"]
[White "Bartczak, Hanna"]
[Black "Pasternak-Winiarski, Adam"]
[Result "1/2-1/2"]
[WhiteElo "1482"]
[BlackElo "1576"]
[PlyCount "88"]
[EventDate "2023.09.21"]
[EventType "tourn"]
[EventRounds "1"]
[EventCountry "POL"]
[SourceDate "2023.09.21"]

1. d4 Nf6 2. Nc3 d5 3. Bf4 e6 4. e3 Bb4 5. Bd3 c5 6. dxc5 Nbd7 7. Nf3 a6 8. c6
bxc6 9. O-O c5 10. Na4 c4 11. c3 Be7 12. Bc2 Nh5 13. Nd4 Nxf4 14. exf4 Qc7 15.
Qg4 g6 16. Rfe1 Nf6 17. Qf3 O-O 18. b4 cxb3 19. axb3 Bb7 20. h3 Nh5 21. g3 Bf6
22. Qe3 Rfc8 23. b4 Ng7 24. Nc5 Ne8 25. Bd3 Nd6 26. f3 a5 27. Rac1 Nc4 28. Bxc4
dxc4 29. Nxb7 Qxb7 30. bxa5 Rxa5 31. Red1 Ra2 32. Rb1 Qa7 33. Rd2 Ra1 34. Rxa1
Qxa1+ 35. Kg2 Rb8 36. g4 Rb1 37. g5 Bg7 38. Nxe6 Rb2 39. Nxg7 Kxg7 40. Qd4+ Kg8
41. Qd8+ Kg7 42. Qd4+ Kg8 43. Qd8+ Kg7 44. Qd4+ Kg8 1/2-1/2

[Event "279th YMCA Autumn B"]
[Site "Warsaw"]
[Date "2023.10.03"]
[Round "1"]
[White "Sypula, Krzysztof"]
[Black "Kurowski, Maciej"]
[Result "0-1"]
[WhiteElo "1686"]
[BlackElo "1631"]
[PlyCount "78"]
[EventDate "2023.09.21"]
[EventType "tourn"]
[EventRounds "1"]
[EventCountry "POL"]
[SourceDate "2023.09.21"]

1. Nf3 d5 2. b3 Nf6 3. Bb2 Bf5 4. e3 e6 5. c4 c5 6. d4 cxd4 7. Nxd4 Bxb1 8.
Qxb1 Bb4+ 9. Ke2 dxc4 10. a3 Ba5 11. b4 Bb6 12. Qc2 Bxd4 13. Bxd4 b5 14. Rd1
Nbd7 15. g3 Qc7 16. Bg2 Rc8 17. f4 O-O 18. Bf3 Rfe8 19. Bc3 e5 20. Kf2 e4 21.
Be2 Qc6 22. g4 Nd5 23. Bd4 a5 24. bxa5 Nc5 25. h4 Nd3+ 26. Kg3 Qd6 27. Bxd3
exd3 28. Qf2 Qxa3 29. g5 Nc3 30. Bxc3 Qxc3 31. h5 Qxa5 32. g6 Qb6 33. gxf7+
Kxf7 34. h6 Qxe3+ 35. Qxe3 Rxe3+ 36. Kf2 Re2+ 37. Kf3 g6 38. Rb1 c3 39. Rxb5 c2
0-1

[Event "279th YMCA Autumn B"]
[Site "Warsaw"]
[Date "2023.10.24"]
[Round "2"]
[White "Pasternak-Winiarski, Adam"]
[Black "Sypula, Krzysztof"]
[Result "1-0"]
[WhiteElo "1576"]
[BlackElo "1686"]
[PlyCount "73"]
[EventDate "2023.09.21"]
[EventType "tourn"]
[EventRounds "1"]
[EventCountry "POL"]
[SourceDate "2023.09.21"]

1. e4 c5 2. Nf3 b6 3. d4 cxd4 4. Nxd4 Bb7 5. Nc3 a6 6. Be3 e6 7. a3 Qc7 8. Qd2
Nf6 9. f3 d5 10. exd5 Nxd5 11. Nxd5 Bxd5 12. c4 Bb7 13. Bd3 Be7 14. O-O Nd7 15.
Rac1 O-O 16. Bb1 Rad8 17. Rfd1 Rfe8 18. b4 Nf8 19. Qc2 Qe5 20. Qf2 a5 21. Nb5
axb4 22. axb4 Bxb4 23. Bxb6 Rxd1+ 24. Rxd1 Rc8 25. Bd4 Qh5 26. Qe2 Bc5 27. h3
Bxd4+ 28. Rxd4 Qc5 29. Kh2 e5 30. Rd2 Ng6 31. Nd6 Rb8 32. Nxb7 Rxb7 33. Rd8+
Nf8 34. Be4 Rc7 35. Bd5 g6 36. Qxe5 Re7 37. Rxf8+ 1-0

[Event "279th YMCA Autumn B"]
[Site "Warsaw"]
[Date "2023.09.29"]
[Round "2"]
[White "Mazurek, Filip"]
[Black "Bartczak, Hanna"]
[Result "1-0"]
[WhiteElo "1524"]
[BlackElo "1482"]
[PlyCount "41"]
[EventDate "2023.09.21"]
[EventType "tourn"]
[EventRounds "1"]
[EventCountry "POL"]
[SourceDate "2023.09.21"]

1. e4 d6 2. d4 Nf6 3. Nc3 g6 4. f4 Bg7 5. Nf3 c5 6. e5 Ng4 7. Bb5+ Bd7 8. e6
Bxb5 9. exf7+ Kf8 10. Nxb5 Qa5+ 11. Nc3 Nh6 12. O-O Nc6 13. Ne2 cxd4 14. Nexd4
Nxd4 15. Nxd4 Kxf7 16. f5 Ke8 17. Ne6 Qb6+ 18. Kh1 Nxf5 19. g4 Bxb2 20. Bxb2
Qxb2 21. gxf5 1-0

[Event "279th YMCA Autumn B"]
[Site "Warsaw"]
[Date "2023.09.28"]
[Round "2"]
[White "Jaroszuk, Marcin"]
[Black "Szukalski, Antoni"]
[Result "1/2-1/2"]
[WhiteElo "1452"]
[BlackElo "1664"]
[PlyCount "46"]
[EventDate "2023.09.21"]
[EventType "tourn"]
[EventRounds "1"]
[EventCountry "POL"]
[SourceDate "2023.09.21"]

1. d4 Nf6 2. Nf3 d5 3. g3 c6 4. Bg2 Bf5 5. O-O e6 6. c4 dxc4 7. Ne5 Be7 8. Nxc4
O-O 9. Nc3 h6 10. Bf4 Nd5 11. Nxd5 exd5 12. Ne5 Nd7 13. Nxd7 Qxd7 14. Bd2 Bh3
15. Bxh3 Qxh3 16. e3 Bd6 17. f4 f5 18. Qf3 Rae8 19. Rf2 Re6 20. Raf1 Rg6 21.
Qg2 Qh5 22. Qf3 Qh3 23. Qg2 Qh5 $11 1/2-1/2

[Event "279th YMCA Autumn B"]
[Site "Warsaw"]
[Date "2023.09.27"]
[Round "2"]
[White "Emmel, Bartosz"]
[Black "Gozdzikowski, Franciszek"]
[Result "0-1"]
[WhiteElo "1552"]
[BlackElo "1516"]
[PlyCount "64"]
[EventDate "2023.09.21"]
[EventType "tourn"]
[EventRounds "1"]
[EventCountry "POL"]
[SourceDate "2023.09.21"]

1. Nf3 Nf6 2. b3 g6 3. Bb2 Bg7 4. g3 O-O 5. Bg2 d5 6. O-O c5 7. e3 Nc6 8. d4
Re8 9. Nbd2 Bf5 10. dxc5 e5 11. c4 Nb4 12. Bxe5 Bc2 13. Qc1 Bd3 14. Qc3 Bxf1
15. Nxf1 Nc6 16. Bd4 Ne4 17. Qc2 Nxd4 18. exd4 Nxc5 19. cxd5 Rc8 20. dxc5 Bxa1
21. Ne3 Qa5 22. c6 bxc6 23. dxc6 Qb6 24. Qc1 Rxe3 25. fxe3 Rxc6 26. Qe1 Bb2 27.
Qe2 Bc1 28. Nd4 Rc3 29. Nc2 Qc5 30. Be4 Bxe3+ 31. Kg2 f5 32. Bd3 Qd5+ 0-1

[Event "279th YMCA Autumn B"]
[Site "Warsaw"]
[Date "2023.09.28"]
[Round "2"]
[White "Kuc , Mariusz"]
[Black "Pichurko, Jakub"]
[Result "1-0"]
[WhiteElo "1630"]
[BlackElo "1619"]
[PlyCount "111"]
[EventDate "2023.09.21"]
[EventType "tourn"]
[EventRounds "1"]
[EventCountry "POL"]
[SourceDate "2023.09.21"]

1. e4 c6 2. d4 d5 3. Nc3 dxe4 4. Nxe4 Nf6 5. Ng3 g6 6. Nf3 Bg7 7. c3 Nbd7 8.
Bg5 O-O 9. Qd2 a5 10. Be2 Re8 11. Rd1 Qc7 12. Bf4 Qb6 13. Ne5 Nd5 14. Nc4 Qa7
15. Bh6 e5 16. Bxg7 Kxg7 17. Nf5+ gxf5 18. Qg5+ Kh8 19. Nd6 Rf8 20. dxe5 f6 21.
exf6 N7xf6 22. O-O b5 23. Bd3 Rg8 24. Qh6 Qg7 25. Qxg7+ Rxg7 26. Nxf5 Bxf5 27.
Bxf5 Rag8 28. g3 Rg5 29. Bc2 Re5 30. Rfe1 Rxe1+ 31. Rxe1 Re8 32. Kf1 Rxe1+ 33.
Kxe1 Kg7 34. Ke2 a4 35. h3 a3 36. Kd3 axb2 37. Bb1 Kf7 38. c4 Nc7 39. Kc3 Ke6
40. cxb5 Nxb5+ 41. Kxb2 Ke5 42. f4+ Kd4 43. g4 Ne4 44. g5 Nbc3 45. Bc2 Nd5 46.
a4 Nxf4 47. h4 Nd5 48. a5 Nb4 49. Bb1 c5 50. Bxe4 Kxe4 51. Kc3 Kd5 52. h5 Na6
53. g6 hxg6 54. h6 Kc6 55. Kc4 Nc7 56. h7 1-0

[Event "279th YMCA Autumn B"]
[Site "Warsaw"]
[Date "2023.09.26"]
[Round "2"]
[White "Koziol , Pawel"]
[Black "Kasperski, Marcin"]
[Result "1/2-1/2"]
[WhiteElo "1667"]
[BlackElo "1655"]
[PlyCount "112"]
[EventDate "2023.09.21"]
[EventType "tourn"]
[EventRounds "1"]
[EventCountry "POL"]
[SourceDate "2023.09.21"]

1. c4 Nf6 2. g3 g6 3. Bg2 Bg7 4. Nf3 d5 5. cxd5 Nxd5 6. O-O O-O 7. Nc3 c6 8. d4
Na6 9. e4 Nxc3 10. bxc3 c5 11. Be3 Qa5 12. Qb3 Nc7 13. Rac1 Ne6 14. Rfd1 Rb8
15. d5 Nc7 16. Rd2 Rd8 17. Qc4 b6 18. Bf4 Ba6 19. Qb3 Rbc8 20. Bh3 Nb5 21. Bxc8
Rxc8 22. e5 c4 23. Qb2 Bb7 24. Ne1 Rd8 25. a4 Nc7 26. d6 exd6 27. Rxd6 Rb8 28.
Qd2 Ne6 29. Qe3 Qxa4 30. Nc2 Bf8 31. Rdd1 Qc6 32. f3 Qxf3 33. Qxf3 Bxf3 34. Rd7
Bc5+ 35. Nd4 Bc6 36. Rxa7 Nxd4 37. cxd4 Bxd4+ 38. Kf1 b5 39. Ra6 Be4 40. Re1
Bd3+ 41. Kg2 Rb6 42. Ra8+ Kg7 43. Bg5 Bc3 44. Re3 b4 45. g4 Bd4 46. Bf6+ Rxf6
47. exf6+ Bxf6 48. Rb8 $11 b3 49. Rxd3 cxd3 50. Rxb3 d2 51. Rd3 Bg5 52. h4 Bxh4
53. Rxd2 h5 54. gxh5 gxh5 55. Rd7 Kg6 56. Rxf7 Kxf7 1/2-1/2

[Event "279th YMCA Autumn B"]
[Site "Warsaw"]
[Date "2023.10.03"]
[Round "3"]
[White "Pichurko, Jakub"]
[Black "Koziol , Pawel"]
[Result "1-0"]
[WhiteElo "1619"]
[BlackElo "1667"]
[PlyCount "105"]
[EventDate "2023.09.21"]
[EventType "tourn"]
[EventRounds "1"]
[EventCountry "POL"]
[SourceDate "2023.09.21"]

1. Nf3 c5 2. c3 Nf6 3. d4 b6 4. Bf4 Bb7 5. e3 g6 6. Be2 Bg7 7. Nbd2 O-O 8. O-O
d6 9. a4 a6 10. h3 Nbd7 11. Bh2 Rc8 12. Re1 Rc7 13. Bf1 $11 Qa8 14. c4 cxd4 15.
exd4 Re8 16. d5 a5 17. Nd4 Nc5 18. Nb5 Rcc8 19. Ra3 Ba6 20. Rae3 Bxb5 21. axb5
Qb7 22. Qe2 Kf8 23. Nf3 $11 Bh6 24. Ra3 e5 25. dxe6 Rxe6 26. Qd1 Nfe4 27. Nd4
Rf6 28. f3 Nd2 29. Nc6 Rxc6 30. bxc6 Qxc6 31. Qe2 Ncb3 32. Qe7+ Kg7 33. Qe2 Nd4
34. Qd1 Qc5 35. Kh1 Nxf1 36. Rxf1 Nf5 37. Qd5 Qb4 38. f4 Qxb2 39. Rd3 Re6 40.
Bg1 Qe2 41. Bd4+ Kf8 42. Rff3 Nh4 43. Rf2 Qe1+ $11 44. Kh2 Nf5 45. Bxb6 Qc1 46.
g3 Re1 47. Bxa5 Rg1 48. Bb4 Rxg3 49. Bxd6+ Kg7 50. Be5+ Kg8 51. Rxg3 Nxg3 52.
Kxg3 Qe3+ 53. Qf3 1-0

[Event "279th YMCA Autumn B"]
[Site "Warsaw"]
[Date "2023.10.10"]
[Round "3"]
[White "Gozdzikowski, Franciszek"]
[Black "Kuc , Mariusz"]
[Result "1-0"]
[WhiteElo "1516"]
[BlackElo "1630"]
[PlyCount "47"]
[EventDate "2023.09.21"]
[EventType "tourn"]
[EventRounds "1"]
[EventCountry "POL"]
[SourceDate "2023.09.21"]

1. e4 c5 2. Nf3 e6 3. d4 cxd4 4. Nxd4 Nf6 5. Nc3 d6 6. g4 h6 7. g5 hxg5 8. Bxg5
Be7 9. Qd2 a6 10. O-O-O Nbd7 11. f4 Qc7 12. h4 b5 13. Bg2 Bb7 14. Rhe1 Nb6 15.
e5 dxe5 16. fxe5 Nc4 17. Qf2 Ng4 18. Qg3 Nh6 19. Bxe7 Kxe7 20. Bxb7 Qxb7 21.
Qg5+ Kf8 22. Nf5 f6 23. exf6 Nxf5 24. Rxe6 1-0

[Event "279th YMCA Autumn B"]
[Site "Warsaw"]
[Date "2023.10.05"]
[Round "3"]
[White "Szukalski, Antoni"]
[Black "Emmel, Bartosz"]
[Result "1-0"]
[WhiteElo "1664"]
[BlackElo "1552"]
[PlyCount "77"]
[EventDate "2023.09.21"]
[EventType "tourn"]
[EventRounds "1"]
[EventCountry "POL"]
[SourceDate "2023.09.21"]

1. e4 e6 2. d4 d5 3. Nd2 Nf6 4. e5 Nfd7 5. Bd3 c5 6. c3 Nc6 7. Ndf3 f6 8. exf6
Nxf6 9. Ne2 cxd4 10. cxd4 Bd6 11. O-O O-O 12. Bg5 Bd7 13. a3 h6 14. Bh4 e5 15.
dxe5 Nxe5 16. Nxe5 Bxe5 17. Bg3 Qc7 18. h3 Rad8 19. Rc1 Qb8 20. Qb3 Bc6 21. Bb5
Bd7 22. Rcd1 a6 23. Bd3 Bc6 24. Nd4 Bxg3 25. fxg3 Kh8 26. Ne6 Qxg3 27. Bc2 Qh4
28. Nxd8 Rxd8 29. Qb6 Re8 30. Qf2 Qg5 31. Rfe1 Ne4 32. Bxe4 dxe4 33. Qe3 Qf6
34. Rd4 Re5 35. Rf1 Qg6 36. Rf8+ Kh7 37. Rdd8 Re8 38. Rdxe8 Bxe8 39. Qb3 1-0

[Event "279th YMCA Autumn B"]
[Site "Warsaw"]
[Date "2023.10.06"]
[Round "3"]
[White "Bartczak, Hanna"]
[Black "Jaroszuk, Marcin"]
[Result "0-1"]
[WhiteElo "1482"]
[BlackElo "1452"]
[PlyCount "74"]
[EventDate "2023.09.21"]
[EventType "tourn"]
[EventRounds "1"]
[EventCountry "POL"]
[SourceDate "2023.09.21"]

1. d4 Nf6 2. Nc3 d5 3. Bf4 c5 4. e3 cxd4 5. exd4 a6 6. Nf3 Nc6 7. Ne5 h6 8. Be2
Bf5 9. O-O e6 10. a3 Rc8 11. Nxc6 Rxc6 12. Bd3 Bxd3 13. Qxd3 Bd6 14. Bxd6 Qxd6
15. h3 O-O 16. Ne2 Rfc8 17. c3 $11 Rb6 18. Rab1 Qc7 19. f4 Qc4 20. Qxc4 Rxc4
21. Ng3 g6 22. Rfe1 a5 23. Kf2 a4 24. Ke3 h5 25. Kd3 Rcc6 26. Nf1 Ne4 27. Nd2
Nxd2 28. Kxd2 h4 29. Ke3 Rb3 30. Kf3 f5 31. Ke3 Rcb6 32. Kd3 Rxb2 33. Rxb2 Rxb2
34. Rxe6 Rxg2 35. c4 Rg3+ 36. Re3 dxc4+ 37. Kd2 Kf7 0-1

[Event "279th YMCA Autumn B"]
[Site "Warsaw"]
[Date "2023.10.05"]
[Round "3"]
[White "Sypula, Krzysztof"]
[Black "Mazurek, Filip"]
[Result "1/2-1/2"]
[WhiteElo "1686"]
[BlackElo "1524"]
[PlyCount "80"]
[EventDate "2023.09.21"]
[EventType "tourn"]
[EventRounds "1"]
[EventCountry "POL"]
[SourceDate "2023.09.21"]

1. d4 e6 2. c4 Nf6 3. Nf3 b6 4. g3 Bb7 5. Bg2 Be7 6. Nc3 Ne4 7. Qd3 Nxc3 8.
bxc3 f5 9. d5 O-O 10. O-O Na6 11. Rd1 Nc5 12. Qc2 Qe8 13. Nd4 Qg6 14. Nb5 a6
15. Nxc7 Rac8 16. d6 Bxd6 17. Rxd6 Rxc7 18. Rxb6 Bxg2 19. Kxg2 Ne4 20. Qd3 Rfc8
21. f3 Nf6 22. Rxa6 Rxc4 23. Bd2 Nd5 24. Kh1 Qh5 25. Ra8 Qe8 26. Qxc4 Rxa8 27.
a4 Qb8 28. Qa2 Qe5 29. Qc4 Nb6 30. Qd3 Nxa4 31. Bf4 Qd5 32. c4 Nc5 33. Rxa8+
Qxa8 34. Qd6 e5 35. Bxe5 Qc6 36. Qe7 Ne6 37. Bd6 h6 38. c5 Qa4 39. Kg2 Qd1 40.
Kf2 Qd4+ 1/2-1/2

[Event "279th YMCA Autumn B"]
[Site "Warsaw"]
[Date "2023.10.17"]
[Round "3"]
[White "Kurowski, Maciej"]
[Black "Pasternak-Winiarski, Adam"]
[Result "0-1"]
[WhiteElo "1631"]
[BlackElo "1576"]
[PlyCount "64"]
[EventDate "2023.09.21"]
[EventType "tourn"]
[EventRounds "1"]
[EventCountry "POL"]
[SourceDate "2023.09.21"]

1. e4 c5 2. Nf3 d6 3. d4 cxd4 4. Nxd4 Nf6 5. Nc3 a6 6. Bg5 e6 7. Qf3 Be7 8.
O-O-O Nbd7 9. g4 Ne5 10. Qg2 h6 11. Bd2 Qb6 12. Be3 Nexg4 13. Nf5 Nxe3 14. Nxe3
O-O 15. Rg1 g6 16. Bd3 Nh5 17. Qh3 Kh7 18. Ng4 Bg5+ 19. Kb1 Nf4 20. Qg3 Nxd3
21. Rxd3 Be7 22. Qf4 Bg5 23. Qxd6 Qxd6 24. Rxd6 h5 25. h4 Be7 26. Rd3 hxg4 27.
e5 Rd8 28. Rdg3 Rd4 29. f3 Bxh4 30. Rh1 g5 31. Ne2 Kg6 32. Rg2 gxf3 0-1

[Event "279th YMCA Autumn B"]
[Site "Warsaw"]
[Date "2023.10.12"]
[Round "4"]
[White "Mazurek, Filip"]
[Black "Kurowski, Maciej"]
[Result "0-1"]
[WhiteElo "1524"]
[BlackElo "1631"]
[PlyCount "74"]
[EventDate "2023.09.21"]
[EventType "tourn"]
[EventRounds "1"]
[EventCountry "POL"]
[SourceDate "2023.09.21"]

1. e4 e5 2. Nf3 Nc6 3. d4 exd4 4. Bc4 Nf6 5. e5 d5 6. Bb5 Ne4 7. Nxd4 Bc5 8.
Be3 O-O 9. Nxc6 bxc6 10. Bxc5 Nxc5 11. Bxc6 Ba6 12. Bxa8 Qg5 13. Nc3 Qxe5+ 14.
Ne2 Rxa8 15. O-O Bxe2 16. Re1 Bxd1 17. Rxe5 Bxc2 18. Rxd5 Ne6 19. Rc1 Be4 20.
Re5 Bb7 21. f4 g6 22. g4 Rd8 23. f5 Nf4 24. Rxc7 Rd1+ 25. Kf2 Nd3+ 26. Ke2 Bf3+
27. Kxf3 Nxe5+ 28. Kf4 f6 29. Rxa7 Rd4+ 30. Ke3 Rb4 31. g5 gxf5 32. gxf6 Ng4+
33. Kf3 Nxh2+ 34. Kg3 Nf1+ 35. Kf2 Nd2 36. Rg7+ Kf8 37. b3 Ne4+ 0-1

[Event "279th YMCA Autumn B"]
[Site "Warsaw"]
[Date "2023.10.12"]
[Round "4"]
[White "Jaroszuk, Marcin"]
[Black "Sypula, Krzysztof"]
[Result "0-1"]
[WhiteElo "1452"]
[BlackElo "1686"]
[PlyCount "117"]
[EventDate "2023.09.21"]
[EventType "tourn"]
[EventRounds "1"]
[EventCountry "POL"]
[SourceDate "2023.09.21"]

1. Nf3 c5 2. g3 Nf6 3. Bg2 g6 4. O-O Bg7 5. c4 d5 6. cxd5 Nxd5 7. Qb3 Nb6 8. d3
O-O 9. Be3 Na6 10. Nc3 Be6 11. Qc2 Rc8 12. Ng5 Nb4 13. Qd2 Bd5 14. Nxd5 N6xd5
15. a3 Nxe3 16. fxe3 Nd5 17. Rf3 e6 18. Ne4 f5 19. Nc3 Nxc3 20. bxc3 Qa5 21.
Qa2 Rfe8 22. Rb1 b6 23. c4 $11 e5 24. Rb5 Qc3 25. Rb3 Qc1+ 26. Bf1 e4 27. Rb1
Qc3 28. dxe4 Rxe4 29. Rd1 Bh6 30. Rd3 Qxc4 31. Qd2 Rce8 32. Kf2 Qf7 33. Bg2 c4
34. Rd7 R4e7 35. Rd8 Qe6 36. Rxe8+ Rxe8 37. Rf4 Kh8 38. Qc3+ Bg7 39. Qc1 c3 40.
Rb4 Qd6 41. Qc2 Qc5 42. Qc1 Bh6 43. Kf1 Bxe3 44. Qc2 a5 45. Rb3 Bd4 46. Bf3 Re3
47. a4 Qc4 48. Bg2 Qxa4 49. Bd5 Qd7 50. Bf3 b5 51. Rb1 b4 52. Qb3 Bb6 53. Rd1
Qe7 54. Kg2 g5 55. Qc2 Re5 56. Kf1 Qc5 57. Kg2 Qf2+ 58. Kh1 g4 59. Rg1 0-1

[Event "279th YMCA Autumn B"]
[Site "Warsaw"]
[Date "2023.10.13"]
[Round "4"]
[White "Emmel, Bartosz"]
[Black "Bartczak, Hanna"]
[Result "1/2-1/2"]
[WhiteElo "1552"]
[BlackElo "1482"]
[PlyCount "95"]
[EventDate "2023.09.21"]
[EventType "tourn"]
[EventRounds "1"]
[EventCountry "POL"]
[SourceDate "2023.09.21"]

1. Nf3 d5 2. g3 c6 3. Bg2 e6 4. O-O Bd6 5. d4 f5 6. Bg5 Nf6 7. Ne5 Nbd7 8. Bf4
Qc7 9. Nxd7 Bxd7 10. Bxd6 Qxd6 11. Nd2 O-O 12. Nf3 Be8 13. Ne5 Bh5 14. Qd2 h6
15. c4 Nd7 16. cxd5 exd5 17. Nxd7 Qxd7 18. a4 Qd6 19. f4 Rae8 20. e3 Re7 21. b4
a6 22. b5 axb5 23. axb5 cxb5 24. Ra5 Be8 25. Rb1 Bc6 26. Bf1 Rfe8 27. Rb3 b4
28. Bg2 g5 29. Qxb4 Qxb4 30. Rxb4 Rxe3 31. Rb2 Rd8 32. fxg5 hxg5 33. Rf2 Re1+
34. Bf1 Rf8 35. Re2 Rxe2 36. Bxe2 Kg7 37. Bf3 Rd8 38. g4 f4 39. Kg2 Kf6 40. h4
gxh4 41. Kh3 Kg5 42. Bg2 Rd6 43. Ra8 b5 44. Rg8+ Rg6 45. Rd8 Re6 46. Rg8+ Rg6
47. Rd8 Re6 48. Rg8+ 1/2-1/2

[Event "279th YMCA Autumn B"]
[Site "Warsaw"]
[Date "2023.10.11"]
[Round "4"]
[White "Koziol , Pawel"]
[Black "Gozdzikowski, Franciszek"]
[Result "1-0"]
[WhiteElo "1667"]
[BlackElo "1516"]
[PlyCount "79"]
[EventDate "2023.09.21"]
[EventType "tourn"]
[EventRounds "1"]
[EventCountry "POL"]
[SourceDate "2023.09.21"]

1. c4 Nf6 2. g3 g6 3. Bg2 Bg7 4. e4 d6 5. Nc3 O-O 6. Nge2 c6 7. O-O a6 8. a4 a5
9. d3 Na6 10. h3 Nb4 11. f4 e5 12. Be3 Nd7 13. d4 exd4 14. Nxd4 Nc5 15. Ra3
Ncd3 16. Qd2 Re8 17. Nd1 Nc5 18. Nf2 Bf8 19. Rd1 b6 20. e5 Bb7 21. Ng4 Bg7 22.
Qc1 h5 23. Nf2 dxe5 24. Nxc6 Qc7 25. Nxe5 Bxg2 26. Kxg2 Bxe5 27. fxe5 Qxe5 28.
Bd4 Qe7 29. Qh6 f6 30. Qxg6+ Qg7 31. Qxh5 Ne4 32. Re3 Nd6 33. Rf3 Re6 34. Rf4
Nf7 35. Ne4 Ne5 36. Nxf6+ Rxf6 37. Bxe5 Rh6 38. Qf3 Qe7 39. Qg4+ Kh7 40. Rd7
1-0

[Event "279th YMCA Autumn B"]
[Site "Warsaw"]
[Date "2023.10.05"]
[Round "4"]
[White "Kasperski, Marcin"]
[Black "Pichurko, Jakub"]
[Result "1/2-1/2"]
[WhiteElo "1655"]
[BlackElo "1619"]
[PlyCount "146"]
[EventDate "2023.09.21"]
[EventType "tourn"]
[EventRounds "1"]
[EventCountry "POL"]
[SourceDate "2023.09.21"]

1. f4 g6 2. Nf3 d5 3. e3 Bg7 4. d4 Bg4 5. Be2 Bxf3 6. Bxf3 e6 7. O-O Ne7 8. c4
c6 9. Nc3 Nd7 10. b3 Nf6 11. Ba3 O-O 12. Rc1 Re8 13. Bxe7 Qxe7 14. c5 b6 15.
cxb6 axb6 16. a4 Rec8 $11 17. Rf2 Qb4 18. g4 Ne8 19. Na2 Qa5 20. Rfc2 c5 21.
Be2 Nd6 22. Bd3 cxd4 23. Rxc8+ Rxc8 24. Rxc8+ Nxc8 25. b4 Qa7 26. e4 dxe4 27.
Bxe4 Qc7 28. Qc1 Qxc1+ 29. Nxc1 Nd6 30. Bc6 Bf8 31. Nd3 Nc8 32. Kf2 Bd6 33. h3
Kf8 34. Kf3 Na7 35. Bb7 f5 36. g5 Ke7 37. Ke2 Kd8 38. Kd2 Kc7 39. Bf3 Nc6 40.
b5 Na5 41. h4 Nc4+ 42. Ke2 Ne3 43. h5 Nc4 44. hxg6 hxg6 45. Bc6 Kd8 46. Kf3 Ke7
47. Ke2 Bc7 48. Bb7 Nd6 49. Bc6 Nc4 50. Bb7 Kd6 51. Bc6 Ke7 52. Bb7 Kd6 53. Bc6
e5 54. fxe5+ Nxe5 55. Nf4 Nf7 56. Nxg6 Nxg5 57. Nf4 Ne4 58. Kd3 Nc5+ 59. Kxd4
Nxa4 60. Nd5 Bd8 61. Ne3 Bf6+ 62. Kd3 Nc5+ 63. Ke2 f4 64. Nc4+ Kc7 65. Kf3 Bg5
66. Kg4 Bh6 67. Ne5 Ne6 68. Nc4 Bg7 69. Bd5 f3 70. Bxf3 Nd4 71. Nxb6 Kxb6 72.
Bc6 Nxc6 73. bxc6 Kxc6 1/2-1/2

[Event "279th YMCA Autumn B"]
[Site "Warsaw"]
[Date "2023.10.18"]
[Round "5"]
[White "Gozdzikowski, Franciszek"]
[Black "Kasperski, Marcin"]
[Result "1-0"]
[WhiteElo "1516"]
[BlackElo "1655"]
[PlyCount "53"]
[EventDate "2023.09.21"]
[EventType "tourn"]
[EventRounds "1"]
[EventCountry "POL"]
[SourceDate "2023.09.21"]

1. e4 c5 2. Nf3 Nc6 3. d4 cxd4 4. Nxd4 Nf6 5. Nc3 e5 6. Ndb5 d6 7. Nd5 Nxd5 8.
exd5 Nb8 9. c4 Be7 10. c5 a6 11. cxd6 Bxd6 12. Nxd6+ Qxd6 13. Bd3 O-O 14. O-O
Rd8 15. Bg5 f6 16. Bh4 Qxd5 17. Bc4 Qxc4 18. Qxd8+ Kf7 19. Rac1 Qxf1+ 20. Kxf1
Nc6 21. Qc7+ Ne7 22. f4 Be6 23. Qd6 Re8 24. Rc7 exf4 25. Be1 a5 26. Bxa5 Kg6
27. Qxe6 1-0